[Event "ch-Belgrade 2012"]
[Site "Belgrade SRB"]
[Date "2012.01.30"]
[Round "9.3"]
[White "Cvetkovic,Sr"]
[Black "Perunovic,Mio"]
[Result "0-1"]
[WhiteElo "2395"]
[BlackElo "2466"]

1.c4 c5 2.Nf3 Nf6 3.Nc3 e6 4.g3 b6 5.Bg2 Bb7 6.O-O Be7 7.d4 cxd4 8.Qxd4 d6
9.Rd1 a6 10.Bg5 Nbd7 11.Qd2 O-O 12.Bf4 Ne8 13.Rac1 Rc8 14.b3 h6 15.h3 Ndf6
16.g4 Qc7 17.Qe3 Bd8 18.Nd2 Bxg2 19.Kxg2 Nd7 20.Nde4 Be7 21.Qg3 Ne5 22.f3 Rd8
23.Bxe5 dxe5 24.Rxd8 Bxd8 25.Rd1 Be7 26.h4 Bb4 27.g5 h5 28.Na4 b5 29.Nb2 Ba3
30.Nd3 bxc4 31.bxc4 Qxc4 32.Rd2 Bd6 33.Nxe5 Qb4 34.a3 Qxa3 35.Rd3 Bxe5 36.Qxe5 Qa2
37.Nc5 Qa5 38.Rd7 Qb5 39.Ra7 g6 40.Rxa6 Ng7 41.Ra1 Nf5 42.Kh3 Rc8 43.Nd3 Qc4
44.Nf4 Rd8 45.Ng2 Qb3 46.Nf4 Qc4 47.Ng2 Qc2 48.Nf4 Qc8 49.Rb1 Kh7 50.Ra1 Rd7
51.Rb1 Rc7 52.Ra1 Kg8 53.Rb1 Ne7 54.e4 Nc6 55.Qf6 e5+ 56.Kg3 exf4+ 57.Qxf4 Nd4  0-1

[Event "Moscow Open A 2012"]
[Site "Moscow RUS"]
[Date "2012.01.30"]
[Round "3"]
[White "Shimanov,A"]
[Black "Timofeev,Arty"]
[Result "1-0"]
[WhiteElo "2549"]
[BlackElo "2659"]

1.Nf3 c5 2.c4 Nf6 3.Nc3 d5 4.cxd5 Nxd5 5.g3 Nc6 6.Bg2 Nc7 7.O-O e5 8.a3 Rb8
9.Rb1 f6 10.d3 Be7 11.Be3 O-O 12.b4 cxb4 13.axb4 Nd4 14.b5 Bc5 15.Bxd4 Bxd4
16.Nxd4 exd4 17.Ne4 Bg4 18.Re1 Nd5 19.Qa4 f5 20.Nc5 Nc3 21.Qc4+ Rf7 22.Rb2 f4
23.h3 Bf5 24.g4 Bg6 25.Ne6 Qa5 26.Nxd4 Nxb5 27.Reb1 Nxd4 28.Qxd4 Rd8 29.Qc4 b6
30.Ra2 Qc5 31.Qxc5 bxc5 32.Rc1 Rc7 33.Ra4 Bf7 34.Rxf4 Bb3 35.Rc3 Be6 36.Ra4 Kf8
37.Bf3 Ke7 38.Ra5 Rdc8 39.Rca3  1-0

[Event "17th HIT Open A"]
[Site "Nova Gorica SLO"]
[Date "2012.01.30"]
[Round "6"]
[White "Srebrnic,A"]
[Black "Tomasev,N"]
[Result "1-0"]
[WhiteElo "2189"]
[BlackElo "2035"]

1.Nf3 Nf6 2.c4 e6 3.Nc3 c5 4.g3 b6 5.Bg2 Bb7 6.O-O Be7 7.Re1 a6 8.e4 d6 9.d4 cxd4
10.Nxd4 Qc7 11.Be3 Nbd7 12.f4 O-O 13.Rc1 Rac8 14.g4 Rfd8 15.g5 Ne8 16.f5 Nf8
17.fxe6 fxe6 18.Bh3 Qd7 19.Nd5 Bxd5 20.exd5 Nc7 21.Bd2 Re8 22.dxe6 Ncxe6
23.Nxe6 Rc5 24.Qf3 Qc6 25.Qxc6 Rxc6 26.Nxf8 Kxf8 27.Bd7  1-0

[Event "ch-TUR w 2012"]
[Site "Kemer TUR"]
[Date "2012.02.01"]
[Round "6"]
[White "Kargaci,Humeyra"]
[Black "Firat,Deniz"]
[Result "0-1"]
[WhiteElo "1477"]
[BlackElo "1632"]

1.c4 c5 2.Nc3 Nf6 3.Nf3 d5 4.cxd5 Nxd5 5.e4 Nb4 6.d3 Bg4 7.Qa4+ Bd7 8.Qd1 N8c6
9.a3 Na6 10.Be2 g6 11.O-O Bg7 12.Bf4 O-O 13.Qd2 Nd4 14.Nxd4 cxd4 15.Nd1 Qb6
16.b4 Rac8 17.Nb2 Be6 18.Nc4 Qb5 19.Rfc1 f5 20.exf5 Qxf5 21.Bg3 b6 22.h3 h5
23.Bh4 Rc7 24.Bg3 Rd7 25.Rc2 Rc8 26.Rac1 Rdd8 27.Qf4 Bf6 28.Qxf5 Bxf5 29.Bf4 g5
30.Bg3 g4 31.hxg4 hxg4 32.Nd2 Bg5 33.Rxc8 Rxc8 34.Rxc8+ Bxc8 35.Nb1 Be6 36.f4 gxf3
37.Bxf3 Ba2 38.Bb7 Nxb4 39.axb4 Bxb1 40.Ba6 Bd2 41.Bc4+ Kf8 42.b5 Ke8 43.Bb8 Kd7
44.Be5 Be3+ 45.Kh2 Bc2 46.Kh3 Bd1 47.Kh4 e6 48.g4 Ke7 49.g5 Bf2+ 50.Kh3 Bh5
51.Kg2 Be3 52.Bf6+ Kd6 53.Kg3 e5 54.Bg8 Bg6 55.Bc4 e4 56.dxe4 Bxe4 57.Be2 Bc2
58.Kf3 Ke6 59.Bh8 Kf5 60.Bf6 Be4+ 61.Kg3 d3 62.Bd1 Bxg5 63.Bxg5 Kxg5 64.Bg4 Kf6
65.Kf4 Bg6 66.Ke3 Ke5 67.Bd7 Kd5 68.Bc8 Kc4 69.Kd2 Kxb5 70.Bh3 a5 71.Bf1 Kc4
72.Kd1 Kc3 73.Kc1 d2+ 74.Kd1 Bc2+ 75.Ke2 d1=Q+ 76.Kf2 Qd4+ 77.Kf3 Bd1+ 78.Kg3 Qe3+
79.Kg2 Qf3+ 80.Kh2 Qxf1 81.Kg3 Qf3+ 82.Kh2 Qg4 83.Kh1 Bf3+ 84.Kh2 Qg2+  0-1

[Event "ch-TUR w 2012"]
[Site "Kemer TUR"]
[Date "2012.02.01"]
[Round "6"]
[White "Durmaz,A"]
[Black "Cemhan,K"]
[Result "0-1"]
[WhiteElo "1823"]
[BlackElo "1952"]

1.c4 c5 2.Nf3 Nf6 3.Nc3 d5 4.cxd5 Nxd5 5.g3 Nc6 6.Bg2 Nc7 7.O-O e5 8.d3 Be7
9.Nd2 Bd7 10.Nc4 f6 11.Ne4 Rb8 12.Ncd6+ Bxd6 13.Nxd6+ Ke7 14.Ne4 b6 15.f4 Ne6
16.e3 exf4 17.gxf4 Be8 18.a3 Qd7 19.f5 Nc7 20.b4 Rd8 21.bxc5 Qxd3 22.Qxd3 Rxd3
23.cxb6 axb6 24.Rb1 b5 25.Nf2 Rd8 26.a4 Ne5 27.Ba3+ Kf7 28.Ne4 Nc4 29.Bc5 Bd7
30.axb5 Bxb5 31.Rfc1 Ba6 32.Ra1 Bb5 33.Ra7 Rd7 34.Rxc4 Bxc4 35.Nd6+ Kg8 36.Nxc4 h5
37.Bb6 Rd1+ 38.Kf2 Nb5 39.Ra5 Nc3 40.Bd4 Rc1 41.Nd6 Kh7 42.Ra7 Rc2+ 43.Kf3 Rd8
44.Nf7 Rd5 45.Rc7 Rxf5+ 46.Kg3 Ne2+ 47.Kh3 Rxc7 48.Be4 Nxd4 49.exd4 Rxf7
50.Bxf5+ g6 51.Be6 Re7 52.d5 Kh6 53.Kg3 g5 54.Kf3 Kg6 55.Ke4 g4 56.Kf4 Re8
57.Bf5+ Kg7 58.Be6 Kg6 59.Bf5+ Kg7 60.Be6 Rd8 61.Kf5 Rd6 62.Kf4 Ra6 63.Kg3 Kg6
64.Kf4 Ra4+ 65.Kg3 Rd4  0-1

[Event "TCh-CAT 2012"]
[Site "Catalunya ESP"]
[Date "2012.02.04"]
[Round "2.2"]
[White "Narciso Dublan,M"]
[Black "Lopez Martinez,Josep"]
[Result "1-0"]
[WhiteElo "2534"]
[BlackElo "2508"]

1.c4 Nf6 2.Nc3 c5 3.Nf3 e6 4.e4 d6 5.d4 cxd4 6.Nxd4 a6 7.Bd3 g6 8.O-O Bg7
9.Nf3 O-O 10.h3 Nc6 11.Bf4 Nh5 12.Bg5 Qb6 13.Rc1 Qc7 14.Qb3 Nd4 15.Qd1 h6
16.Be3 Nxf3+ 17.Qxf3 Nf6 18.Qe2 Bd7 19.Qd2 Kh7 20.b3 Rac8 21.Bb1 Qb8 22.Rfd1 Rc6
23.a4 Rd8 24.a5 Re8 25.Na4 e5 26.Nb6 Be6 27.b4 Rd8 28.Qe2 Nd7 29.Nd5 Nf6
30.Qf3 Bxd5 31.exd5 Rcc8 32.c5 Kg8 33.c6 bxc6 34.dxc6 Qxb4 35.Bb6 Re8 36.Qe2 d5
37.Bd3 Ne4  1-0

[Event "11th Aeroflot Open B"]
[Site "Moscow RUS"]
[Date "2012.02.10"]
[Round "4"]
[White "Dobrov,V"]
[Black "Ovod,E"]
[Result "1-0"]
[WhiteElo "2496"]
[BlackElo "2412"]

1.c4 c5 2.Nf3 Nf6 3.Nc3 e6 4.g3 b6 5.Bg2 Bb7 6.O-O Be7 7.Re1 d5 8.cxd5 Nxd5
9.e4 Nb4 10.d4 cxd4 11.Nxd4 N8c6 12.Nxc6 Qxd1 13.Rxd1 Bxc6 14.Bf4 g5 15.Bd6 Bxd6
16.Rxd6 Rd8 17.Rxd8+ Kxd8 18.a3 Na6 19.Rc1 Nc5 20.b4 Nd7 21.Nd5 Bb7 22.Ne3 h5
23.f4 h4 24.Nc4 Ke7 25.Ne5 Nxe5 26.Rc7+ Nd7 27.Rxb7 hxg3 28.hxg3 gxf4 29.gxf4 a6
30.b5 axb5 31.Bf1 Rb8 32.Ra7 Kd8 33.Bxb5 Nc5 34.e5 Nb7 35.Kf2 Ke7 36.Kf3 f6
37.exf6+ Kd6 38.f7 Ke7 39.Bc6  1-0

[Event "TCh-FIN SM-Liiga 2011-12"]
[Site "Tampere FIN"]
[Date "2012.02.11"]
[Round "8.8"]
[White "Penttinen,J"]
[Black "Nieminen,K"]
[Result "1/2-1/2"]
[WhiteElo "2272"]
[BlackElo "2145"]

1.Nf3 c5 2.c4 Nf6 3.Nc3 g6 4.d4 cxd4 5.Nxd4 Nc6 6.e4 d6 7.Be2 Nxd4 8.Qxd4 Bg7
9.Be3 O-O 10.Qd3 Be6 11.O-O Qa5 12.Rac1 Rfc8 13.b3 Nd7 14.Bd2 Nc5 15.Qe3 Qd8
16.f4 a5 17.Kh1 Bd7 18.f5 Bc6 19.Bg4 Rc7 20.Nd5 Bxd5 21.exd5 a4 22.Bc3 axb3
23.Bxg7 Kxg7 24.axb3 Ra3 25.Rb1 f6 26.fxg6 hxg6 27.Be6 b5 28.cxb5 Rb7 29.Rf3 Nxe6
30.dxe6 Rxb5 31.Rh3 Rg5 32.Rg3  1/2-1/2

[Event "TCh-LTU 2012"]
[Site "Lithuania LTU"]
[Date "2012.02.12"]
[Round "5"]
[White "Sulskis,S"]
[Black "Zagorskis,D"]
[Result "1-0"]
[WhiteElo "2595"]
[BlackElo "2512"]

1.c4 Nf6 2.Nc3 c5 3.Nf3 d5 4.cxd5 Nxd5 5.Qb3 Nc7 6.e3 Nc6 7.d4 e6 8.dxc5 Bxc5
9.Be2 O-O 10.O-O Qe7 11.a3 Rd8 12.Qc2 Ne8 13.b4 Bb6 14.Bb2 Bd7 15.Na4 Rac8
16.Nxb6 axb6 17.Bc3 Nd6 18.Qb2 f6 19.b5 Na7 20.a4 e5 21.Bb4 Be6 22.Rfd1 Rc7
23.a5 Nac8 24.a6 bxa6 25.bxa6 Rcd7 26.h3 Qf7 27.Bxd6 Rxd6 28.Rxd6 Rxd6 29.Nd2 Na7
30.Qb4 Qc7 31.Bf3 f5 32.Bb7 e4 33.Nb3 Bxb3 34.Qxb3+ Kf8 35.Qb2 Qd8 36.Qb4 Kf7
37.Qb3+ Kf6 38.Rc1 Rd3 39.Qb2+ Kg6 40.Qe5 Qd6 41.Qxd6+ Rxd6 42.g4 b5 43.Rc5 fxg4
44.hxg4 h6 45.Rf5 Re6 46.Bd5 Re7 47.Rf4 Kg5 48.Bxe4  1-0

[Event "TCh-FIN SM-Liiga 2011-12"]
[Site "Oulu FIN"]
[Date "2012.02.12"]
[Round "9.7"]
[White "Kosmo,S"]
[Black "Kononen,K"]
[Result "1/2-1/2"]
[WhiteElo "2213"]
[BlackElo "2247"]

1.c4 Nf6 2.Nc3 c5 3.Nf3 e6 4.e3 d5 5.d4 dxc4 6.Bxc4 a6 7.O-O b5 8.Bb3 Bb7
9.Qe2 Nbd7 10.Rd1 Qc7 11.e4 cxd4 12.Nxd4 Bc5 13.Bxe6 fxe6 14.Nxe6 Qe5 15.Nxg7+ Kf7
16.Nf5 Rad8 17.Bg5 b4 18.Qc4+ Kg6 19.Nh4+ Kg7 20.Nf5+ Kg6 21.Nh4+  1/2-1/2

[Event "ch-Central Serbia 2012"]
[Site "Pozarevac SRB"]
[Date "2012.02.16"]
[Round "5.29"]
[White "Tonic,Milos"]
[Black "Tosic,N"]
[Result "0-1"]
[WhiteElo "1962"]
[BlackElo "2214"]

1.c4 Nf6 2.Nc3 c5 3.Nf3 e6 4.g3 b6 5.Bg2 Bb7 6.O-O a6 7.d4 cxd4 8.Nxd4 Bxg2
9.Kxg2 Qc7 10.Qd3 Be7 11.Rd1 O-O 12.e4 d6 13.b3 Nbd7 14.Bb2 Rfe8 15.Rac1 Rac8
16.f4 Qb7 17.Qf3 Nc5 18.Re1 Bf8 19.b4 Ncd7 20.e5 Qxf3+ 21.Kxf3 dxe5 22.fxe5 Rxc4
23.Nb1 Rxc1 24.Bxc1 Bxb4 25.Bd2 Nd5 26.Nc6 Bxd2 27.Nxd2 Rc8 28.Nd4 Nb4 29.Ke2 Nxa2
30.Ra1 Nb4 31.Rb1 Nc2 32.N4f3 Rc3 33.Kf2 Na3 34.Rd1 Rd3 35.Rc1 Nc5 36.Ke2 Rd8
37.Ne1 a5 38.Ra1 Rxd2+  0-1

[Event "e2e4 Brighton Masters"]
[Site "Brighton ENG"]
[Date "2012.02.17"]
[Round "4"]
[White "Ueti,S"]
[Black "Croad,N"]
[Result "0-1"]
[WhiteElo "2150"]
[BlackElo "2307"]

1.c4 Nf6 2.Nc3 c5 3.Nf3 b6 4.g3 Bb7 5.Bg2 e6 6.O-O d6 7.d4 cxd4 8.Qxd4 Be7
9.b3 Na6 10.Bb2 O-O 11.e4 Nc5 12.Nd2 Qc7 13.h3 a6 14.Kh2 Rad8 15.f4 Rfe8
16.Qe3 d5 17.cxd5 exd5 18.exd5 Nxd5 19.Nxd5 Bxd5 20.Be5 Qb7 21.Nf3 Ne4 22.Bd4 Bc5
23.Bxc5 Nxc5 24.Qf2 f6 25.Rad1 Bc6 26.Nh4 Bxg2 27.Nxg2 Rd7 28.Rfe1 Red8 29.Rxd7 Qxd7
30.Re2 f5 31.Ne1 Qd1 32.Nf3 Ne4 33.Qe3 Rd3  0-1

[Event "ch-Central Serbia 2012"]
[Site "Pozarevac SRB"]
[Date "2012.02.17"]
[Round "6.2"]
[White "Abramovic,B"]
[Black "Rajkovic,Du"]
[Result "1/2-1/2"]
[WhiteElo "2447"]
[BlackElo "2422"]

1.c4 Nf6 2.Nc3 c5 3.Nf3 b6 4.g3 Bb7 5.Bg2 e6 6.O-O Be7 7.b3 O-O 8.Bb2 d5
9.cxd5 Nxd5 10.Nxd5 Bxd5 11.d4 Bf6  1/2-1/2

[Event "ch-Central Serbia w 2012"]
[Site "Pozarevac SRB"]
[Date "2012.02.17"]
[Round "8.3"]
[White "Benderac,A"]
[Black "Rakic,Ma"]
[Result "0-1"]
[WhiteElo "2291"]
[BlackElo "2295"]

1.c4 Nf6 2.Nc3 c5 3.Nf3 e6 4.e4 d6 5.d4 cxd4 6.Nxd4 Be7 7.Be2 O-O 8.O-O a6
9.Be3 Qc7 10.Rc1 b6 11.f3 Bb7 12.Qe1 Nbd7 13.Qf2 Rac8 14.Rfd1 Qb8 15.Nc2 Bd8
16.g4 Ne5 17.Bxb6 Nxc4 18.Ba7 Qa8 19.Bxc4 Rxc4 20.Rxd6 Bc7 21.Rd3 Bxe4 22.Nxe4 Nxe4
23.fxe4 f5 24.Bc5 fxe4 25.Rc3 Rxf2 26.Rxc4 e3 27.Nxe3 Qf3  0-1

[Event "ch-ROU Men 2012"]
[Site "Sarata Monteoru ROU"]
[Date "2012.02.19"]
[Round "9.39"]
[White "Paval,G"]
[Black "Vrencian,Lehel"]
[Result "1-0"]
[WhiteElo "2229"]
[BlackElo "1874"]

1.Nf3 c5 2.c4 Nf6 3.Nc3 d5 4.cxd5 Nxd5 5.g3 Nc6 6.Bg2 Nc7 7.d3 e5 8.O-O Be7
9.a3 O-O 10.Nd2 Bd7 11.Nc4 f6 12.Ne3 Be6 13.Rb1 Qd7 14.Re1 f5 15.Qa4 f4 16.Nc4 Qd4
17.Rf1 f3 18.exf3 Qxd3 19.Nd2 Nd4 20.f4 exf4 21.Be4 Ne2+ 22.Nxe2 Qxe2 23.Bxb7 fxg3
24.hxg3 Rad8 25.Ne4 Bh3 26.Be3 Bxf1 27.Rxf1 Kh8 28.Qxa7 Qxb2 29.Nxc5 Nb5
30.Qb6 Rd6 31.Bc6 Rg6 32.Qxb5 Qc3 33.Rc1 Qf6 34.Nd7 Qd6 35.Nxf8 Bxf8 36.Bg2 Qxa3
37.Qb8 h5 38.Rc8 Rf6 39.Bc5 Kh7 40.Rxf8 Qc1+ 41.Kh2 Qxc5 42.Rh8+ Kg6 43.Qe8+ Rf7
44.Be4+ Kf6 45.Qc6+ Qxc6 46.Bxc6 Rc7 47.Bf3 g6 48.Rb8 Kg5 49.Rb5+ Kf6 50.Rb6+ Kf5
51.Kg2 Re7 52.Bd1 Rg7 53.Bc2+ Kg5 54.f4+ Kh6 55.f5  1-0

[Event "TCh-CZE Liga 1 Zapad"]
[Site "Czech Rep CZE"]
[Date "2012.02.26"]
[Round "9.7"]
[White "Plesek,J"]
[Black "Cuhra,M"]
[Result "0-1"]
[WhiteElo "2168"]
[BlackElo "2169"]

1.Nf3 c5 2.c4 Nf6 3.Nc3 d5 4.cxd5 Nxd5 5.g3 Nc6 6.Bg2 Nc7 7.O-O e5 8.a3 Be7
9.b4 Be6 10.b5 Nd4 11.Nxe5 Bb3 12.Qe1 Nc2 13.Rb1 Nxe1 14.Bxb7 Be6 15.Rxe1 O-O
16.Bxa8 Qxa8 17.Nc6 Re8 18.Nxe7+ Rxe7 19.a4 Nd5 20.Ne4 Bf5  0-1

[Event "PriFO Champ RUS 2012"]
[Site "Tolyatti RUS"]
[Date "2012.03.01"]
[Round "4.23"]
[White "Toropov,P"]
[Black "Faizrakhmanov,Ramil"]
[Result "1/2-1/2"]
[WhiteElo "2302"]
[BlackElo "2190"]

1.c4 Nf6 2.Nf3 c5 3.Nc3 e6 4.g3 b6 5.Bg2 Bb7 6.O-O Be7 7.d4 cxd4 8.Nxd4 Bxg2
9.Kxg2 Qc8 10.Qa4 Qb7+ 11.f3 Nc6 12.Rd1 Nxd4 13.Rxd4 O-O 14.Bg5 d5 15.cxd5 Nxd5
16.Bxe7 Qxe7 17.Nxd5 exd5 18.Qb5 Rfe8 19.Re1 Rad8 20.Qd3 h6 21.Kf2 Qe6 22.Rd1 Rd6
23.Rd2 Qh3 24.Kg1 Re5 25.f4 Rh5 26.e3 Rg6 27.Rg2 Re6 28.Qe2 Rf5 29.Qf3 g6
30.Rc2 Kg7 31.Rd3 g5 32.Qg2 Qxg2+ 33.Kxg2 d4 34.g4 Rd5 35.fxg5 hxg5 36.Rxd4 Rde5
37.Rd7 Rxe3 38.Rxa7 Re2+ 39.Rxe2 Rxe2+ 40.Kf3 Rxb2 41.h3 Rh2 42.Ke4 Kg6 43.Ra3 b5
44.Ke5 f6+ 45.Ke4 b4 46.Ra4 Rxh3 47.Rxb4 Rg3 48.Kd5 Ra3 49.Rb2 Ra4 50.Rg2 f5
51.gxf5+ Kxf5 52.Kc5 g4 53.Kb5 Ra3 54.Kb4 Ra8 55.a4 Kf4 56.a5 Kf3 57.Rg1 g3
58.Kb5 g2 59.a6 Kf2 60.Rxg2+ Kxg2 61.Kb6 Rxa6+ 62.Kxa6  1/2-1/2

[Event "European Ind w 2012"]
[Site "Gaziantep TUR"]
[Date "2012.03.03"]
[Round "2"]
[White "Kazimova,N"]
[Black "Cemhan,K"]
[Result "1-0"]
[WhiteElo "2253"]
[BlackElo "1954"]

1.Nf3 Nf6 2.c4 c5 3.Nc3 d5 4.cxd5 Nxd5 5.g3 Nc6 6.Bg2 Nc7 7.O-O e5 8.d3 Be7
9.b3 O-O 10.Bb2 f6 11.Rc1 Bd7 12.Qd2 Qe8 13.Rfd1 Rd8 14.Qe1 Qh5 15.Nd2 b6
16.a3 f5 17.b4 f4 18.Nd5 Nxd5 19.Bxd5+ Kh8 20.Bf3 Qh6 21.bxc5 fxg3 22.hxg3 Bxc5
23.Nb3 Be7 24.Rc4 b5 25.Rc2 Rc8 26.Bg2 Qe6 27.Nc5 Bxc5 28.Rxc5 Nd4 29.Rxc8 Rxc8
30.e3 Nc2 31.Qd2 Qb3 32.Bxe5 Nxa3 33.Rc1 b4 34.Rxc8+ Bxc8 35.e4 a5 36.Qg5 Qg8
37.Bb2 Ba6 38.Bh3 h5 39.Qh6+  1-0

[Event "83rd ch-GER 2012"]
[Site "Osterburg GER"]
[Date "2012.03.03"]
[Round "2"]
[White "Siebrecht,S"]
[Black "Dranischnikov,E"]
[Result "1-0"]
[WhiteElo "2463"]
[BlackElo "2327"]

1.c4 e6 2.Nc3 c5 3.Nf3 Nf6 4.g3 b6 5.Bg2 Bb7 6.O-O Be7 7.Re1 d6 8.e4 a6 9.d4 cxd4
10.Nxd4 O-O 11.e5 dxe5 12.Bxb7 Ra7 13.Nc6 Qxd1 14.Nxe7+ Kh8 15.Rxd1 Rxb7
16.b3 b5 17.Be3 bxc4 18.bxc4 Re8 19.Bc5 Rc7 20.Bd6 Rxc4 21.Rac1 Nbd7 22.f3 h6
23.Ne4 Ra4 24.Rc7 Rxa2 25.Nxf6 Nxf6 26.Bxe5 Nd5 27.Nxd5 exd5 28.Rxd5 f6 29.Bc3 Rc2
30.Rd2 Re1+ 31.Kf2 Rh1 32.Kg2 Rhc1 33.Rxc2 Rxc2+ 34.Kh3 Kg8 35.g4 Kh8 36.Kg3 Kg8
37.h4 Rc1 38.Kf4 Rc2 39.Kf5 Kh7 40.f4 a5 41.g5  1-0

[Event "PriFO Champ RUS 2012"]
[Site "Tolyatti RUS"]
[Date "2012.03.03"]
[Round "7.20"]
[White "Syrchikov,A"]
[Black "Faizrakhmanov,Ramil"]
[Result "1/2-1/2"]
[WhiteElo "2294"]
[BlackElo "2190"]

1.Nf3 Nf6 2.c4 c5 3.Nc3 e6 4.g3 b6 5.Bg2 Bb7 6.O-O Be7 7.d4 cxd4 8.Qxd4 O-O
9.b3 d6 10.Ba3 Na6 11.Rad1 Nc5 12.Ne1 Bxg2 13.Nxg2 a6 14.Bb2 Qc7 15.Ne3 Qb7
16.Ng4 Ncd7 17.Nxf6+ Nxf6 18.a4 h6 19.h3 Rfd8 20.Kh2 Rac8 21.e4 Bf8 22.e5 Ne8
23.exd6 Bxd6 24.Qe4 Qb8 25.Qe2 Be5 26.Rxd8 Rxd8 27.Rd1 Rxd1 28.Nxd1 Bxb2
29.Nxb2 Qd6 30.Nd3 a5 31.Qe3 Nf6 32.Ne5 Kf8 33.Kg2 Ke7 34.Qf4 g5 35.Qe3 Nd7
36.Ng4 Qc6+ 37.f3 Qc5 38.Qc3 h5 39.Ne3 Qe5 40.Qxe5 Nxe5 41.f4 gxf4 42.gxf4 Nd3
43.Kg3 Kf6 44.Nc2 Kf5 45.Nd4+ Ke4 46.Nb5 f5 47.Nd6+ Ke3 48.c5 Nxc5 49.Nc4+ Ke4
50.Nxb6 Nxb3 51.Nc4 h4+ 52.Kxh4 Kxf4 53.Kh5 Kg3 54.h4 f4 55.Kg5 Nd4 56.h5 Nf5
57.h6 Nxh6 58.Kxh6 f3 59.Kg5 Kf2 60.Ne5 Ke2 61.Nxf3 Kxf3 62.Kf6 Ke4 63.Kxe6 Kd4
64.Kf5 Kc4 65.Ke4 Kb3 66.Kd3 Kxa4 67.Kc2 Ka3 68.Kb1  1/2-1/2

[Event "PriFO Champ RUS 2012"]
[Site "Tolyatti RUS"]
[Date "2012.03.04"]
[Round "7.12"]
[White "Terentjev,V"]
[Black "Ayupov,D"]
[Result "1/2-1/2"]
[WhiteElo "2301"]
[BlackElo "2360"]

1.c4 Nf6 2.Nf3 c5 3.Nc3 e6 4.d4 cxd4 5.Nxd4 a6 6.e4 Bb4 7.Bd3 Nc6 8.Nxc6 dxc6
9.e5 Qd4 10.exf6 Bxc3+ 11.bxc3 Qxc3+ 12.Bd2 Qxd3 13.fxg7 Rg8 14.Bg5 Qc3+
15.Kf1 Bd7 16.Rb1 Rxg7 17.Rxb7 Qxc4+ 18.Kg1 Qd5 19.Qxd5 cxd5 20.h4 Rg6 21.f4 h5
22.g4 f6 23.gxh5 Rg8 24.h6 fxg5 25.h7 Rh8 26.hxg5 O-O-O 27.Rb6 Kc7 28.Rxa6 Kb7
29.Ra3 Be8 30.Re3 d4 31.Rxe6 d3 32.Kf2 d2 33.Rxe8 Rhxe8 34.Rd1 Rd6 35.f5 Rd5
36.Kg3 Rxf5 37.Kg4 Rf2 38.g6 Rh2 39.Kg5 Kc6 40.a4 Kc5 41.Kf6 Kc4 42.Rxd2 Rxd2
43.g7 Rf2+ 44.Kg6 Rff8  1/2-1/2

[Event "Zagreb Open A"]
[Site "Zagreb CRO"]
[Date "2012.03.08"]
[Round "4.10"]
[White "Saric,A"]
[Black "Galic,I2"]
[Result "1-0"]
[WhiteElo "2523"]
[BlackElo "2360"]

1.c4 c5 2.Nf3 Nf6 3.Nc3 d5 4.cxd5 Nxd5 5.e3 e6 6.d4 cxd4 7.exd4 Be7 8.Bd3 O-O
9.O-O b6 10.Nxd5 exd5 11.Qc2 h6 12.Bf4 Bd6 13.Ne5 Bb7 14.Rfe1 Nc6 15.Qa4 Nb4
16.Bf1 a5 17.a3 Bxe5 18.dxe5 Na6 19.Be3 Nc5 20.Qg4 Qc8 21.Qg3 Qe6 22.Rac1 Ne4
23.Qh4 Qxe5 24.f3 d4 25.Bf2 f5 26.Bg3 Qe8 27.fxe4 fxe4 28.Bd3 exd3 29.Rxe8 Raxe8
30.Rf1 Rxf1+ 31.Kxf1 d2 32.Qxd4 Ba6+ 33.Kf2 Re2+ 34.Kf3 g5 35.Bf2 h5 36.h3 Kf7
37.Be3 g4+ 38.hxg4 hxg4+ 39.Kf4  1-0

[Event "TCh-FIN SM-Liiga 2011-12"]
[Site "Helsinki FIN"]
[Date "2012.03.10"]
[Round "10.3"]
[White "Wallin,A"]
[Black "Havansi,E"]
[Result "1/2-1/2"]
[WhiteElo "2107"]
[BlackElo "2223"]

1.c4 Nf6 2.Nf3 c5 3.Nc3 e6 4.g3 b6 5.Bg2 Bb7 6.O-O Be7 7.d4 cxd4 8.Qxd4 O-O
9.Rd1 d6 10.b3 Nc6 11.Qf4 Qb8 12.Bb2 Rd8 13.Ng5 Ne5 14.Nge4 Ng6 15.Qd2 Nxe4
16.Nxe4 d5 17.Qc3 Bf8 18.cxd5 Bxd5 19.Ng5 Bxg2 20.Kxg2 Qb7+ 21.Qf3  1/2-1/2

[Event "TCh-HUN 2011-12"]
[Site "Decs HUN"]
[Date "2012.03.11"]
[Round "7"]
[White "Pap,G"]
[Black "Babula,V"]
[Result "1/2-1/2"]
[WhiteElo "2492"]
[BlackElo "2572"]

1.Nf3 Nf6 2.c4 c5 3.Nc3 d5 4.cxd5 Nxd5 5.e3 Nc6 6.d4 cxd4 7.exd4 e6 8.Bd3 Be7
9.O-O O-O 10.Re1 Bf6 11.Be4 h6 12.Bb1 Nde7 13.Qd3 Ng6 14.Be3 Bd7 15.Ne4 Rc8
16.Nd6 Nce7 17.Nxc8 Qxc8 18.Nd2 Nd5 19.Ne4 Be7 20.Bd2 Rd8 21.Qg3 Bc6 22.Bd3 e5
23.Rac1 exd4 24.Bb5 Qf5 25.Bxc6 bxc6 26.Rxc6 Ne3 27.Rxg6 fxg6 28.Bxe3 Qxe4
29.Bd2 Qc2 30.Rxe7 Qxd2 31.h4 Rf8 32.f3 Rf7 33.Qb8+ Kh7 34.Re8 Rf8 35.Rxf8 Qe1+  1/2-1/2

[Event "TCh-FIN SM-Liiga 2011-12"]
[Site "Helsinki FIN"]
[Date "2012.03.11"]
[Round "11.4"]
[White "Virtanen,A"]
[Black "Maki,V"]
[Result "1-0"]
[WhiteElo "2348"]
[BlackElo "2400"]

1.Nf3 Nf6 2.c4 g6 3.Nc3 c5 4.g3 Bg7 5.Bg2 Nc6 6.d4 cxd4 7.Nxd4 O-O 8.O-O Ng4
9.e3 d6 10.h3 Nge5 11.b3 Nxd4 12.exd4 Nc6 13.Be3 Qa5 14.Rc1 e5 15.dxe5 dxe5
16.Qd5 Qxd5 17.cxd5 Nd4 18.Rfd1 Bd7 19.Bxd4 exd4 20.Ne2 Rac8 21.Rxc8 Rxc8
22.Nxd4 Bf8 23.d6 b6 24.Bb7 Rc5 25.b4 Rc4 26.b5 Bxd6 27.Nc6 Bc5 28.Rxd7 Rc2
29.Ne5 Bxf2+ 30.Kf1 Bxg3 31.Nxf7 Kg7 32.Ng5+ Kh6 33.Ne4 Be5 34.Bd5 Rh2 35.Bg8 Bg7
36.Nf2  1-0

[Event "ch-CZE U20 2012"]
[Site "Kouty nad Desnou CZE"]
[Date "2012.03.12"]
[Round "4"]
[White "Plat,V"]
[Black "Kratochvil,Jo"]
[Result "1-0"]
[WhiteElo "2436"]
[BlackElo "2236"]

1.c4 Nf6 2.Nc3 c5 3.Nf3 b6 4.d4 cxd4 5.Nxd4 Bb7 6.Bg5 e6 7.e4 d6 8.Qc2 Nbd7
9.Rd1 a6 10.Be2 Be7 11.O-O Qc7 12.f4 h6 13.Bh4 Nc5 14.f5 O-O 15.Bf3 e5 16.Nde2 b5
17.Bxf6 Bxf6 18.b4 Nd7 19.cxb5 axb5 20.Qd3 Be7 21.Nxb5 Qb6+ 22.Kh1 Ba6 23.a4 Nf6
24.Nec3 d5 25.Nxd5 Nxd5 26.Qxd5 Bxb4 27.Qxe5 Qa5 28.f6 g6 29.Be2 Rad8 30.Rxd8 Rxd8
31.Bc4 Bb7 32.Bxf7+ Kxf7 33.Nd6+  1-0

[Event "European Ind w 2012"]
[Site "Gaziantep TUR"]
[Date "2012.03.13"]
[Round "11"]
[White "Lahno,Kateri"]
[Black "Khotenashvili,B"]
[Result "1/2-1/2"]
[WhiteElo "2546"]
[BlackElo "2490"]

1.Nf3 Nf6 2.c4 c5 3.Nc3 g6 4.e4 d6 5.d4 cxd4 6.Nxd4 Bg7 7.Be2 Nc6 8.Be3 Bd7
9.O-O O-O 10.Qd2 Nxd4 11.Bxd4 Bc6 12.f3 Nd7 13.Be3 Re8 14.b4 b6 15.Bd4 Bxd4+
16.Qxd4 a5 17.a3 axb4 18.axb4 Rxa1 19.Rxa1 Qc7 20.Nd5 Qb7 21.h3 f6 22.f4 e5
23.fxe5 fxe5 24.Qe3 Bxd5 25.cxd5 Nf6 26.Kh2 Ra8 27.Rxa8+ Qxa8 28.Qxb6 Nxe4
29.Bf3 Ng5 30.Bg4 Ne4 31.Bf3 Ng5 32.Qxd6 Nxf3+ 33.gxf3 Qa2+ 34.Kg3 Qe2 35.Qc5 Qe1+
36.Kg2 Qd2+ 37.Kf1 Qd1+ 38.Kf2 Qd2+ 39.Kf1 Qd1+ 40.Kf2 Qd2+  1/2-1/2

[Event "UTD GM Invitational"]
[Site "Richardson USA"]
[Date "2012.03.14"]
[Round "7"]
[White "Lenderman,A"]
[Black "Chirila,I"]
[Result "1-0"]
[WhiteElo "2581"]
[BlackElo "2539"]

1.Nf3 c5 2.c4 Nf6 3.Nc3 e6 4.d4 cxd4 5.Nxd4 Nc6 6.g3 Qb6 7.Nb3 Ne5 8.e4 Bb4
9.Qe2 d6 10.f4 Nc6 11.Be3 Bxc3+ 12.bxc3 Qc7 13.Bg2 b6 14.e5 dxe5 15.fxe5 Nd7
16.Nd4 Nxd4 17.cxd4 Bb7 18.Bxb7 Qxb7 19.O-O O-O 20.Qg4 Kh8 21.Bd2 Rac8 22.Bb4 f5
23.Qf3 Qxf3 24.Rxf3 Rfd8 25.Rc3 Kg8 26.Kf2 Kf7 27.Ke3 a5 28.Bd6 Nf6 29.exf6 Rxd6
30.fxg7 Kxg7 31.Rf1 b5 32.c5 Rd5 33.c6 Kf6 34.g4 Rd6 35.c7 Rd7 36.Rc6 Rdxc7
37.Rxf5+ Ke7 38.Rxc7+ Rxc7 39.Rxb5 Rc2 40.Rh5 Rxa2 41.Rxh7+ Kf6 42.h4 a4
43.g5+ Kf5 44.Rf7+ Kg4 45.g6 Rg2 46.Rf6 Kxh4 47.Rxe6 Kh5 48.Ra6 Rg4 49.Kd3 Rxg6
50.Rxa4 Kg5 51.Ra5+ Kf4 52.Re5 Rc6 53.Re8 Ra6 54.Rf8+ Kg5 55.Kc4  1-0

[Event "13th EICC"]
[Site "Plovdiv BUL"]
[Date "2012.03.20"]
[Round "1.47"]
[White "Baltag,I"]
[Black "Timofeev,Arty"]
[Result "0-1"]
[WhiteElo "2420"]
[BlackElo "2650"]

1.Nf3 c5 2.c4 Nf6 3.Nc3 d5 4.cxd5 Nxd5 5.g3 Nc6 6.Bg2 Nc7 7.O-O e5 8.a3 Rb8
9.Rb1 f6 10.d3 Be6 11.Be3 Qd7 12.Ne4 b6 13.Qa4 Nd5 14.Rfc1 Nd4 15.Qxd7+ Kxd7
16.Kf1 Nb3 17.Rc2 Be7 18.Nc3 Nc7 19.Nd2 g5 20.Nxb3 Bxb3 21.Bh3+ Ke8 22.Rcc1 Kf7
23.Ne4 h5 24.Nd2 Ba2 25.Ra1 Be6 26.Bxe6+ Kxe6 27.b4 Nd5 28.bxc5 Nxe3+ 29.fxe3 Bxc5
30.Ne4 Be7 31.Rc7 f5 32.Nd2 h4 33.g4 fxg4 34.Ne4 Rhf8+ 35.Kg2 Rbc8 36.Rac1 Rxc7
37.Rxc7 Bxa3 38.Rxa7 Bc1 39.Nxg5+ Kf5 40.Ne4 Bxe3 41.h3 Bd4 42.Rh7 gxh3+
43.Kxh3 Kf4 44.Rxh4+ Ke3 45.Ng3 b5 46.Re4+ Kd2 47.e3 Bc3 48.d4 exd4 49.exd4 b4
50.Re7 b3 51.Ne4+ Kc2 52.Rc7 Rf3+ 53.Kg4 Rd3 54.d5 b2 55.Rb7 Rd4  0-1

[Event "13th EICC"]
[Site "Plovdiv BUL"]
[Date "2012.03.20"]
[Round "1.55"]
[White "Froewis,G"]
[Black "Nisipeanu,LD"]
[Result "0-1"]
[WhiteElo "2407"]
[BlackElo "2643"]

1.Nf3 Nf6 2.c4 c5 3.Nc3 e6 4.e4 Nc6 5.Be2 e5 6.d3 g6 7.Be3 d6 8.a3 Bg7 9.b4 b6
10.Rb1 O-O 11.O-O Nd4 12.Nd2 Be6 13.Bxd4 cxd4 14.Nd5 h5 15.f4 Bxd5 16.fxe5 Nxe4
17.dxe4 Be6 18.exd6 Qxd6 19.Bd3 Rac8 20.Qe2 Bh6 21.Rf6 Qe5 22.Rbf1 Bg5  0-1